The Line of Mercy: A Novel (Record no. 41917)
[ view plain ]
| 000 -LEADER | |
|---|---|
| fixed length control field | 00314nam a2200121Ia 4500 |
| 008 - FIXED-LENGTH DATA ELEMENTS--GENERAL INFORMATION | |
| fixed length control field | 241015s9999 xx 000 0 und d |
| 041 ## - LANGUAGE CODE | |
| Language code of text/sound track or separate title | eng |
| 082 ## - DEWEY DECIMAL CLASSIFICATION NUMBER | |
| Classification number | 282.092 TEJ |
| 100 ## - MAIN ENTRY--PERSONAL NAME | |
| Personal name | Tejpal, Tarun J |
| 245 ## - TITLE STATEMENT | |
| Title | The Line of Mercy: A Novel |
| 260 ## - PUBLICATION, DISTRIBUTION, ETC. | |
| Name of publisher, distributor, etc. | Harper Collins India |
| Place of publication, distribution, etc. | Haryana |
| Date of publication, distribution, etc. | 2022 |
| 300 ## - PHYSICAL DESCRIPTION | |
| Extent | 757;. P. 22 cm |
No items available.